01867cam a22003614a 45000010005000000030019000050050017000240080041000410100017000820200015000990200018001140400023001320420014001550430021001690500024001900820023002141000026002372450108002632600032003713000057004035050007004605200656004675210019011235210018011426000056011606000035012166100061012516100039013126500067013516500022014186500030014407000035014701993FISKH978141695082020231024151114.0031119s2005 nyua b 000 0beng  a 2003025546 a0689856431 a9781416950820 aDLCcDLCdDLCbeng apccalcac anwpr---an-us-pa00aGV865.C45bW56 200500a796.357/092aB2221 aWinter, Jonah,d1962-10aRoberto Clemente :bpride of the Pittsburgh Pirates /cby Jonah Winter ; illustrated by Raúl Colón. aNew York :bAladdin,c2005. a40 unnumbered pages :bcolor illustrations ;c28 cm aT  aOn an island called Puerto Rico a boy named Roberto Clemente dreamed of nothing but winning at baseball. With no money -- but plenty of determination -- Clemente practiced on muddy fields with a glove made from a coffee sack. Little League became minor league, which turned into winter league...and, finally, he made it to the major leagues! With lightning speed, towering home runs, and grand slams, Clemente introduced himself to America. Spare, evocative language -- and magnificent illustrations -- tell the story of a great athlete and even greater man who rose through the ranks of baseball to become one of the most admired players of all time.8 a800 bLexile 8 aT bRaz-Plus 10aClemente, Roberto,d1934-1972vJuvenile literature.11aClemente, Roberto,d1934-1972.20aPittsburgh Pirates (Baseball team)vJuvenile literature.21aPittsburgh Pirates (Baseball team) 0aBaseball playerszPuerto RicovBiographyvJuvenile literature. 1aBaseball players. 1aPuerto RicansvBiography.1 aColón, Raúl,eillustrator